Vlastivedný sborník Považia zv. 7 /
Uložené v:
| Ďalší autori: | |
|---|---|
| Médium: | Kniha |
| Jazyk: | Slovak |
| Vydané: |
Banská Bystrica :
Stredoslovenské vydavateľstvo,
1965.
|
| Vydanie: | 1. vyd. |
| Edícia: | Náš kraj
|
| ISBN: |
(viaz.) |
| Fyzický popis: |
286 s. : obr. |
| Tagy: |
Pridať tag
Žiadne tagy, Buďte prvý kto otaguje tento záznam!
|
Titul je dostupný aj v ... 

MARC
| LEADER | 00000nam a2200000 a 4500 | ||
|---|---|---|---|
| 001 | 000171863 | ||
| 005 | 20160512202330.0 | ||
| 008 | 040101s1965 xo f slo d | ||
| 020 | |a (viaz.) |c Kčs 21,50 | ||
| 040 | |a SVKKK |b slo |c SVKKK |e AACR2 | ||
| 041 | 0 | |a slo | |
| 044 | |a xo |c SK | ||
| 245 | 1 | 0 | |a Vlastivedný sborník Považia |n zv. 7 / |c zost. Vlasta Kristenová. |
| 246 | 3 | 3 | |a Vlastivedný zborník Považia |
| 250 | |a 1. vyd. | ||
| 260 | |a Banská Bystrica : |b Stredoslovenské vydavateľstvo, |c 1965. | ||
| 300 | |a 286 s. : |b obr. | ||
| 490 | 1 | |a Náš kraj | |
| 700 | 1 | |a Kristenová, Vlasta. |4 com | |
| 830 | 0 | |a Náš kraj | |
| 910 | |a svkkk | ||
| 998 | |a BK | ||
| 090 | |g SCKHL |k Sklad Pribinova 1. posch. |a IV.37041 |j 364434 |i 2720249427 |s Absenčne | ||